000 00871nam a2200253 a 4500
001 BRCA_5486
005 20190320205112.0
008 020211s1900----enka######---#000-0#spa-#
050 4 _aND50
_b.G72 1900
100 1 _aFish, Arthur
_914020
245 1 0 _aGrandes y afamadas pinturas por grandes artistas
_breproducciones en color de obras maestras notables de arte, escogidas de las galerías públicas de la Gran Bretaña y de Europa
_cpor Arthur Fish.
260 _aLondres
_bcassell
_c1900
300 _a2 v.
_bil., 106 láminas a color
_c38 cm.
500 _aEdición con cantos dorados
500 _aEdición de lujo con notas
500 _aIncluye lista de pinturas
500 _aE162
650 1 4 _aPinturas
_99534
650 1 4 _aPintura
_xHistoria
_914021
650 1 4 _aGalerías y museos
_914022
650 1 4 _aPintores
_92497
902 _aGFM
942 _2lcc
_cB
999 _c5180
_d5180